000 00611nam a22001937a 4500
999 _c525093
_d525093
003 NUST
038 _aFaiza
082 _a891.42
_bMUJ
100 _aMujahida
_914933
245 _aQisa Pooran Bhagat Wich Islamai Hawaly /
_cMujahida
260 _aLahore :
_bIdara Punjabi Likharian,
_c2012.
300 _a128 p. ;
500 _aHardcover.
504 _aBibliography, Reference
880 _6100-01\r
_aمجاہدہ
880 _6245-02\r
_aقصہ پورن بھگت وچ اسلامی حوالے /
880 _6260-03\r
_aلاہور :
_bادارہ پنجابی لکھاریاں,
_c۲۰۱۲.
942 _2ddc
_cBK